|
|
|
|
| LEADER |
00000nam a2200000Ii 4500 |
| 001 |
DIGVIETO036 |
| 003 |
NyNyDIG |
| 006 |
m o d |
| 007 |
cr ||||||||||| |
| 008 |
130601s2011 sp ob 000 0 spa d |
| 020 |
|
|
|z 9788492616916
|
| 020 |
|
|
|z 8492616911
|
| 035 |
|
|
|a (OCoLC)888284350
|
| 040 |
|
|
|a DGITA
|b eng
|e pn
|c DGITA
|
| 043 |
|
|
|a e-sp---
|
| 050 |
1 |
4 |
|a HD8586.5 eBook
|
| 245 |
0 |
3 |
|a El movimiento obrero en la gran ciudad :
|b de la movilización sociopolítica a la crisis económica /
|c Javier Tébar Hurtado (editor) ; Carlos Arenas Posadas ... [et al.] ; presentación de Joan Coscubiela.
|
| 264 |
|
1 |
|a [Mataro (Barcelona)] :
|b El Viejo Topo / Ediciones de Intervención Cultural, S.L.,
|c 2011.
|
| 300 |
|
|
|a 1 online resource (297 pages)
|
| 336 |
|
|
|a text
|b txt
|2 rdacontent
|
| 337 |
|
|
|a computer
|b c
|2 rdamedia
|
| 338 |
|
|
|a online resource
|b cr
|2 rdacarrier
|
| 504 |
|
|
|a Includes bibliographical references.
|
| 650 |
|
0 |
|a Labor movement
|z Spain
|x History
|y 20th century.
|
| 651 |
|
0 |
|a Spain
|x Economic conditions
|y 20th century.
|
| 651 |
|
0 |
|a Spain
|x Social conditions
|y 20th century.
|
| 655 |
|
0 |
|a Electronic books.
|
| 700 |
1 |
|
|a Tébar Hurtado, Javier,
|d 1966-
|
| 700 |
1 |
|
|a Arenas Posadas, Carlos.
|
| 791 |
2 |
|
|a Digitalia (Firm),
|e distributor.
|
| 793 |
0 |
|
|g Digitalia eBook Collection:
|a El Viejo Topo.
|
| 856 |
4 |
0 |
|3 Digitalia Hispánica
|u https://www.digitaliapublishing.com/a/19385/
|
| 910 |
|
|
|a Premium Collection: 2007-2012
|